[Event "SA-2017-0-00600"]
[Site "LSS email"]
[Date "2017.10.01"]
[Round "?"]
[White "Jarabinsky, Martin"]
[Black "Trent, Benjamin"]
[Result "1/2-1/2"]
[WhiteElo "2260"]
[BlackElo "2199"]
[PlyCount "71"]
[EventDate "2017.09.03"]
[EventType "tourn (corr)"]
[EventRounds "6"]
[EventCountry "GER"]
[SourceTitle "Corr 2022"]
[Source "ChessBase"]
[SourceDate "2021.10.24"]
[SourceVersion "1"]
[SourceVersionDate "2021.10.24"]
[SourceQuality "1"]

1. e4 c5 2. Nf3 d6 3. d4 cxd4 4. Nxd4 Nf6 5. Nc3 a6 6. Be2 e5 7. Nb3 Be7 8. 0-0 0-0 9. Be3 Qc7 10. Qd3 b5 11. Rfd1 Nbd7 12. a4 b4 13. Nd5 Nxd5 14. Qxd5 Bb7 15. Qa5 Rfc8 16. Bd3 Nf6 17. Qxc7 Rxc7 18. Bb6 Rcc8 19. f3 d5 20. exd5 Bxd5 21. Re1 Be6 22. Bf2 e4 23. fxe4 Ng4 24. e5 Nxf2 25. Kxf2 Rc7 26. Kg3 Rd8 27. Rad1 h5 28. h3 Bd7 29. a5 Ba4 30. Be4 Bxb3 31. Rxd8+ Bxd8 32. cxb3 Rc5 33. Kf3 Rxa5 34. Bd3 Kf8 35. Re4 Be7 36. Rc4 1/2-1/2

[Event "ZH-2017-0-01578"]
[Site "LSS email"]
[Date "2017.05.29"]
[Round "?"]
[White "Dehaybe, Andre"]
[Black "Trent, Benjamin"]
[Result "1/2-1/2"]
[WhiteElo "2209"]
[BlackElo "2178"]
[PlyCount "56"]
[EventDate "2017.05.09"]
[EventType "match (corr)"]
[EventRounds "2"]
[EventCountry "GER"]
[SourceTitle "Corr 2022"]
[Source "ChessBase"]
[SourceDate "2021.10.24"]
[SourceVersion "1"]
[SourceVersionDate "2021.10.24"]
[SourceQuality "1"]

1. e4 e5 2. Nf3 Nc6 3. Bc4 Nf6 4. d3 h6 5. 0-0 Bc5 6. c3 d6 7. b4 Bb6 8. a4 a5 9. b5 Ne7 10. Nbd2 Ng6 11. Re1 Be6 12. Bxe6 fxe6 13. d4 Nd7 14. Nc4 0-0 15. Be3 Qe7 16. Ra2 Rad8 17. Rd2 exd4 18. cxd4 Nf6 19. Qb1 Nd7 20. Kh1 Qf7 21. Qb3 d5 22. exd5 exd5 23. Nb2 Rfe8 24. Nd3 Re4 25. Rde2 Rde8 26. h3 R4e7 27. Rc1 Re4 28. Rce1 R4e7 1/2-1/2

[Event "RB-2016-0-00331"]
[Site "LSS email"]
[Date "2016.12.30"]
[Round "?"]
[White "Trent, Benjamin"]
[Black "Sorcinelli, Andrea"]
[Result "1-0"]
[WhiteElo "1800"]
[BlackElo "2056"]
[PlyCount "81"]
[EventDate "2016.11.07"]
[EventType "tourn (corr)"]
[EventRounds "6"]
[EventCountry "GER"]
[SourceTitle "Corr 2022"]
[Source "ChessBase"]
[SourceDate "2021.10.24"]
[SourceVersion "1"]
[SourceVersionDate "2021.10.24"]
[SourceQuality "1"]

1. d4 g6 2. c4 Bg7 3. Nc3 d6 4. e4 Nc6 5. Be3 e5 6. d5 Nce7 7. c5 f5 8. Bb5+ Kf7 9. Nf3 Nf6 10. cxd6 cxd6 11. Ng5+ Kg8 12. f3 h6 13. Ne6 Bxe6 14. dxe6 d5 15. exd5 Nfxd5 16. Nxd5 Nxd5 17. Qb3 Nxe3 18. e7+ Qd5 19. Qxd5+ Nxd5 20. e8Q+ Rxe8 21. Bxe8 Nf4 22. Kf2 Bf8 23. Rhd1 Bc5+ 24. Kf1 Bd4 25. Ba4 Kg7 26. Bb3 Re8 27. Rd2 Re7 28. g3 Be3 29. Rd8 Nh5 30. Re1 f4 31. Rg8+ Kh7 32. Kg2 g5 33. Rc8 Nf6 34. gxf4 Bxf4 35. Bc2+ Kg7 36. Re2 h5 37. Bf5 Ne8 38. Rd8 Nf6 39. a4 g4 40. h4 Kh6 41. Rc2 1-0